=LDR 00000nam 2200000 4500 =001 INLIS000000000028757 =005 20130612131036 =008 ***********************************Ind** =035 ##$$0010-061300000028757 =041 ##$$a Ind =082 ##$$a 510.07 =090 ##$$a 510.07, Mur m =100 ##$$a Mursita, Danang =245 ##$$a Matematika lanjut untuk Perguruan Tinggi, Danang Mursita =260 ##$$a 2005 $b Bandung =300 ##$$a viii, 216 hlm, ilus, 24 cm =650 ##$$a Matematika Perguruan Tinggi =850 ##$$a NBPNMAT